000 00989cam a2200361 4500
008 000000n1999 000 0 eng u
020 _a1851123504
035 _a(Sirsi) u103751
041 _aENG
050 _a306.0212
110 _aUnited Kingdom
_bDepartment of the Environment, Transport and the Regions
_93507
245 _aHousing and construction statistics 1988-1998 : Great Britain
260 _aLondon
_bDETR
_c1999
300 _aviii,186p. ; 30cm.
350 _a28.00
650 _aBUILDING INDUSTRY
650 _aCONSTRUCTION INDUSTRY
650 _aCONSTRUCTION OUTPUT
650 _aHOUSE BUILDING
650 _aHOUSING FINANCE
650 _aHOUSING RENOVATION
650 _aHOUSING STOCK
650 _aHOUSING
650 _aINVESTMENT
650 _aLABOUR
650 _aRENT REGULATION
650 _aSLUM CLEARANCE
650 _aSTATISTICS
690 _aHOUSING
710 _aScottish Executive
_93811
710 _aNAFW
_93812
942 _n0
999 _c100155
_d100155